000 00300nam a22001337a 4500
008 170717b xxu||||| |||| 00| 0 eng d
020 _a9780195022827
041 _aeng
080 _a2
100 _a24
101 _aTEO
245 _aJUDAISM AND CHRISTIAN BEGINNINGS
_cSANDMEL, S
942 _2udc
_cBK
999 _c21288
_d21288